| 000 | 00000nam##2200000za#4500 |
| 001 | 9.580459 |
| 003 | CaOODSP |
| 005 | 20210624191040 |
| 007 | cr ||||||||||| |
| 008 | 150406|1979||||xxc|||||o f|0| 0 eng|d |
| 040 | |aCaOODSP|beng |
| 043 | |an-cn--- |
| 086 | 1 |aFs97-14/113-1979E-PDF |
| 110 | 1 |aCanada. |bDepartment of Fisheries and Oceans. |
| 245 | 10|aPrototype mechanical smoker-dryer for smoking hard cured bloaters / |h[electronic resource]|cby H. Parker and P.E. Rowe. |
| 260 | |aHalifax - Nova Scotia : |bFisheries and Oceans Canada |c1979. |
| 300 | |a19p.|billus., references, tables |
| 490 | 1 |aCanadian industry report of fisheries and aquatic sciences|vNo. 113 |
| 500 | |aFile reproduced from original print. On t. p. : Technology Branch, Halifax, Nova Scotia. |
| 546 | |a(Résumé en français.) |
| 590 | |a14-15-Supp|b2014-09-04 |
| 720 | 1 |aParker, H. |
| 720 | 1 |aRowe, P. E. |
| 830 | #0|aCanadian industry report of fisheries and aquatic sciences ;|vNo. 113|w(CaOODSP)9.505199 |
| 856 | 40|ahttp://publications.gc.ca|qPDF|s1993 KB|uhttps://publications.gc.ca/collections/collection_2014/mpo-dfo/Fs97-14-113-1979-eng.pdf|yNo. 113 |